Formula 1: Fernando Alonso's teammates - Statistics

General Stats
  • This quiz has been taken 208 times
  • The average score is 10 of 14
Answer Stats
Ecurie Saison Pilote % Correct
Alpine 2021-2022 Esteban Ocon
95%
Aston Martin 2023-2024 Lance Stroll
95%
McLaren 2007 Lewis Hamilton
93%
Ferrari 2014 Kimi Raïkkönen
91%
Ferrari [2010-2013] Felipe Massa
90%
McLaren 2015-2016 Jenson Button
86%
Renault 2005-2006 Giancarlo Fisichella
78%
McLaren 2017-2018 Stoffel Vandoorne
75%
Renault 2008-2009 Nelsinho Piquet
67%
Renault 2003-2004 Jarno Trulli
66%
Renault 2009 Romain Grosjean
52%
Renault 2004 Jacques Villeneuve
38%
Minardi 2001 Alex Yoong
31%
Minardi 2001 Tarso Marques
28%
No matching quizzes found
Score Distribution
Percent of People with Each Score
Percentile by Number Answered
Your Score History
You have not taken this quiz